000 00540nam a2200169Ia 4500
003 GCL
008 140319s9999 xx 000 0 ara d
040 _aGCL /
_cGCL
082 0 4 _a301.1552
_bع د
100 1 _aعبدالهادى الجوهرى
245 1 0 _aدراسات فى علم الاجتماع السياسى /
_cعبدالهادى الجوهرى
300 _a217 ص
490 _aعلم الاجتماع المعاصر
_v0
650 0 4 _aالاجتماع السياسى
650 0 4 _aالاجتماع، علم
942 _2ddc
_cBK
999 _c46415
_d46415